Sports Quiz

Random Sports or NFL Quiz

NFL Touchdown Leaders Minefield Quiz Stats

Quiz Updated Jan 13, 2015

Challenge
Share
Tweet
Embed
Score 0/51 Timer 08:00
0 Plays Today
Touchdowns Player % Correct
208???
83.6%
175???
70.9%
157???
57.9%
162???
49.8%
156???
46.8%
126???
42.2%
105???
41.9%
125???
38.7%
109???
38.1%
128???
30.1%
100???
29.5%
131???
29.3%
136???
25.4%
112???
22.5%
94???
21.7%
100???
21%
111???
19.6%
145???
19.2%
91*???
16.3%
96???
16.3%
88???
15.2%
101???
14.8%
94???
14.2%
91???
12.5%
116???
11.4%
91???
10.6%
Touchdowns Player % Correct
91???
10.5%
88???
9.2%
99*???
9.2%
93???
8.6%
90???
8.6%
89*???
6.6%
86???
6.5%
MINES???
6.3%
105???
5.9%
89???
5.3%
86???
4.7%
91???
3.9%
113???
3.6%
84???
3.2%
85???
3%
87???
2.8%
88???
2.4%
84???
2.3%
88???
1.8%
86???
1.4%
90???
1%
84???
0.9%
91???
0.9%
85???
0.8%
83???
0.7%

You're not logged in!

Compare scores with friends on all Sporcle quizzes.
Sign Up with Email
OR
Log In

You Might Also Like...

Show Comments

Extras

Top Quizzes Today


Score Distribution

Your Account Isn't Verified!

In order to create a playlist on Sporcle, you need to verify the email address you used during registration. Go to your Sporcle Settings to finish the process.